| 000 | 00710nam a2200241 a 4500 | ||
|---|---|---|---|
| 008 | |||
| 020 | _a0750605111 (pbk.) | ||
| 049 | _aMAIN | ||
| 090 |
_aTA545 _bSCH |
||
| 100 | 1 | _aSchofield, W. | |
| 245 | 1 | 0 |
_aEngineering surveying : _btheory and examination problems for students / _cW. Schofield. |
| 250 | _a4th ed. | ||
| 260 |
_aOxford : _bButterworth-Heinemann , _c1993. |
||
| 300 |
_avi, 554 p. : _bill. ; _c25 cm. |
||
| 504 | _aIncludes bibliographical references. | ||
| 500 | _aIncludes index. | ||
| 650 | 0 | _aSurveying. | |
| 907 |
_a.b10007830 _b29-01-10 _c17-04-03 |
||
| 003 | |||
| 005 | 20230123133542.0 | ||
| 040 | _cNUST | ||
| 942 |
_cBOOKS _kTA545 _mSCH |
||
| 999 |
_c150584 _d150584 |
||